Vierzehnter Gesamtbericht über die Tätigkeit der Europäischen Gemeinschaften 1980

Guardado en:
Detalles Bibliográficos
Formato: Libro
Lenguaje:alemán
Publicado: Brüssel Kommission der Europäischen Gemeinschaften 1981
Etiquetas: Agregar Etiqueta
Sin Etiquetas, Sea el primero en etiquetar este registro!

MARC

LEADER 00000nam a2200000 4500
001 c144139
005 20060608110402.8
041 0 |a ger 
044 |a BE 
245 1 0 |a Vierzehnter Gesamtbericht über die Tätigkeit der Europäischen Gemeinschaften 1980 
264 1 |a Brüssel  |b Kommission der Europäischen Gemeinschaften  |c 1981 
300 |a 383 s.